| 000 | 00595nam a2200205Ia 4500 | ||
|---|---|---|---|
| 005 | 20250508162610.0 | ||
| 008 | 008 250505s9999 xx 000 0 eng d | ||
| 020 | _a0-87322-000-5 | ||
| 037 | _aTextual | ||
| 040 |
_aFEDL _beng _cFEDL |
||
| 041 |
_aeng _2eng |
||
| 084 |
_a371.74, CHU _qFEDL |
||
| 100 |
_aChu Donald _9773552 |
||
| 245 | 0 | _aSport and higher education | |
| 260 |
_aChampaign _bHuman kinetics Publishers, Inc _c1985 |
||
| 300 | _axv,423p | ||
| 700 |
_a Segrave Jefferey O Becker Beverly J _9773553 |
||
| 942 |
_cTEXL _h371.74, CHU |
||
| 999 |
_c1377557 _d1377557 |
||